000 00393nam a22001457a 4500
020 _a81-224-0570-3
082 _a547
_bNAS/S
100 _aNASIPURI, D
245 _aSTEREOCHEMISTRY OF ORGANIC COMPOUNDS
_bPRINCIPLES AND APPLICATIONS
250 _aREVISED SECOND EDITION
260 _aDELHI
_bNEW AGE INTERNATIONAL
_c2006
300 _a564
650 _aCHEMISTRY REFERENCE
_zINDIA
942 _cBK
999 _c1513
_d1513